000
00337nam a22001457a 4500
008
230706b ||||| |||| 00| 0 eng d
020
_a
9781617317538
041
_a
eng
080
_a
34
082
_a
34SAL
100
_a
32
101
_a
JURE
245
_a
EXPLORING PHYSICAL SCIENCE IN THE LABORATORY
_c
SALINAS.T.J
942
_2
udc
_c
BK
999
_c
60101
_d
60101